Dlhodobé cieľové programy spolupráce v procese uskutočňovania štrukturálných premien a vzájomnej adaptácie členských krajin RVHP so zreteľom na rozvoj ekonomiky ČSSR čiastková úloha

Salvato in:
Dettagli Bibliografici
Autore principale: Slovincová, Lýdia
Natura: Libro
Lingua:slovacco
Pubblicazione: Bratislava Vysoká škola ekonomická 1982
Tags: Aggiungi Tag
Nessun Tag, puoi essere il primo ad aggiungerne!!

MARC

LEADER 00000nam a2200000 4500
001 c134793
005 20190625074535.9
041 0 |a slo 
044 |a SK 
245 1 0 |a Dlhodobé cieľové programy spolupráce v procese uskutočňovania štrukturálných premien a vzájomnej adaptácie členských krajin RVHP so zreteľom na rozvoj ekonomiky ČSSR  |b čiastková úloha  |c Lýdia Slovincová 
264 1 |a Bratislava  |b Vysoká škola ekonomická  |c 1982 
300 |a 16 s. 
100 1 |a Slovincová, Lýdia